00421nam a2200157Ia 4500003000400000005001700004008004100021020001800062040000900080082002000089100001900109245006000128260004300188300000900231650002300240OSt20201014111628.0190216s9999||||xx |||||||||||||| ||und|| a9788178796352 coclc a617.1027bKUM/S aKumar, Rajeev  0aSports Medicine And Exercise Physiology /cRajeev Kumar bSports Publication,c2011.aNew Delhi: a319p aPhysical Education